|
|
|
|
| LEADER |
01206nam a22002897a 4500 |
| 001 |
30136 |
| 003 |
BD-DhAAL |
| 005 |
20151031121545.0 |
| 008 |
151031s2003 iluab d 001 0 eng d |
| 020 |
|
|
|a 0328017620
|
| 040 |
|
|
|a BD-DhAAL
|c BD-DhAAL
|
| 041 |
|
|
|a eng
|
| 082 |
|
|
|a 300
|
| 245 |
0 |
0 |
|a Regions :
|b Scott, Foresman social studies /
|c Candy Dawson Boyd ... [et al].
|
| 260 |
|
|
|a Glenview, Ill. :
|b Pearson Education, Inc.,
|c c2003.
|
| 300 |
|
|
|a various pagings :
|b ill. ;
|c 29 cm.
|
| 500 |
|
|
|a Includes index.
|
| 541 |
|
|
|e 30136
|
| 650 |
|
0 |
|a Social sciences
|x Study and teaching (Primary)
|9 15853
|
| 650 |
|
0 |
|a Social sciences
|x Study and teaching (Elementary)
|9 15792
|
| 650 |
|
0 |
|a United States
|x Social conditions
|x Study and teaching (Primary)
|9 15854
|
| 650 |
|
0 |
|a United States
|x Social conditions
|x Study and teaching (Elementary)
|9 15855
|
| 700 |
1 |
|
|a Boyd, Candy Dawson.
|9 14917
|
| 710 |
2 |
|
|a Scott, Foresman and Company.
|9 15856
|
| 942 |
|
|
|2 ddc
|c BK
|
| 999 |
|
|
|c 35971
|d 35971
|
| 952 |
|
|
|0 0
|1 0
|2 ddc
|4 0
|6 300_000000000000000_REG
|7 0
|9 56526
|a BRACUL
|b BRACUL
|c GEN
|d 2015-10-31
|e BRAC Institute of Language (BIL)
|l 0
|o 300 REG
|p 3010030136
|r 2015-10-31
|t 1
|w 2015-10-31
|y BK
|x Transferred from BIL to BRACUL on 06/06/22
|